000 00547nam a2200169Ia 4500
008 140529s9999 xx 000 0 und d
020 _a9781845907365
050 _aPN 4129.15
_b.Ap652 2012
100 _aApps, Judy.
245 _aButterflies and sweaty palms :
_b25 sure-fire ways to speak and present with confidence /
_cJudy Apps
260 _aBancyfelin, Wales :
_bCrown House Pub.,
_cc2012.
300 _a136 p. :
_bill. ;
_c24 cm.
500 _aIncludes bibliographical references.
521 _aGE
942 _kFOR
_cBK
999 _c117866
_d117866